| 000 | 00557nam a2200157 4500 | ||
|---|---|---|---|
| 999 |
_c17040 _d17040 |
||
| 008 | 220531b ||||| |||| 00| 0 eng d | ||
| 022 | _a0091-4169 | ||
| 082 | _aDPer 364.05 J82 2010 vol. 100, no. 4 | ||
| 100 |
_aSorensen, Juliet S. _945312 |
||
| 245 |
_aRestoration justice for victims of war crimes/ _cJuliet S. Sorensen. |
||
| 260 |
_aEvanston: _bNorthwestern University Press, _c ©2010. |
||
| 300 |
_av100 n4, pages 1689-1698; _c25 cm. |
||
| 500 | _aThe Journal of Criminal Law and Criminology. | ||
| 650 |
_aJustice _xCrime. _945313 |
||
| 942 |
_2ddc _cPER |
||